The earth: (Record no. 322)

MARC details
000 -LEADER
fixed length control field 00758cam a2200265 4500
005 - DATE AND TIME OF LATEST TRANSACTION
control field 20260322212015.0
006 - FIXED-LENGTH DATA ELEMENTS--ADDITIONAL MATERIAL CHARACTERISTICS
fixed length control field data
007 - PHYSICAL DESCRIPTION FIXED FIELD--GENERAL INFORMATION
fixed length control field data
008 - FIXED-LENGTH DATA ELEMENTS--GENERAL INFORMATION
fixed length control field data
010 ## - LIBRARY OF CONGRESS CONTROL NUMBER
LC control number 72010133//r85
020 ## - INTERNATIONAL STANDARD BOOK NUMBER
International Standard Book Number 0132224224
020 ## - INTERNATIONAL STANDARD BOOK NUMBER
International Standard Book Number 9780132224222
040 ## - CATALOGING SOURCE
Original cataloging agency CtY
Language of cataloging eng
Transcribing agency CtY
050 0# - LIBRARY OF CONGRESS CALL NUMBER
Classification number QE26.2
Item number .M32
092 ## - LOCALLY ASSIGNED DEWEY CALL NUMBER (OCLC)
Classification number 551 M32 1973
001 - CONTROL NUMBER
control field data
100 1# - MAIN ENTRY--PERSONAL NAME
Personal name McAlester, A. Lee
Dates associated with a name 1933-
Fuller form of name (Arcie Lee),
245 14 - TITLE STATEMENT
Title The earth:
Remainder of title an introduction to the geological and geophysical sciences
Statement of responsibility, etc. A. Lee McAlester.
260 0# - PUBLICATION, DISTRIBUTION, ETC.
Place of publication, distribution, etc. Englewood Cliffs, N.J.,
Name of publisher, distributor, etc. Prentice-Hall
Date of publication, distribution, etc. [1973]
300 ## - PHYSICAL DESCRIPTION
Extent 1 online resource
504 ## - BIBLIOGRAPHY, ETC. NOTE
Bibliography, etc. note Includes bibliographical references.
650 #0 - SUBJECT ADDED ENTRY--TOPICAL TERM
Topical term or geographic name entry element Earth sciences.
650 #0 - SUBJECT ADDED ENTRY--TOPICAL TERM
Topical term or geographic name entry element Astronomy.
730 0# - ADDED ENTRY--UNIFORM TITLE
Uniform title Internet Archive Controlled Digital Lending.
Holdings
Withdrawn status Lost status Damaged status Not for loan Home library Current library Shelving location Date acquired Total checkouts Full call number Barcode Date last seen Price effective from Koha item type
        Franklin Franklin General stacks 22/03/2026   QE26.2 .M32 BC0010332 22/03/2026 22/03/2026 Books